000 00984nam a22001817a 4500
005 20240715140945.0
008 240715b ||||| |||| 00| 0 eng d
020 _a9789386649225
050 _aH62.K84(4e)
100 _9.Kothari, R. C
_aGarg, Gaurav
245 _aResearch methodology: methods and techniques
_cKothari, R. C
250 _a4th ed.
260 _aDelhi
_bNew age
_c2019
300 _axxi,458p;
_c25cm
500 _aIncludes index
505 _aContent: Research methodology -- Defining the research problem -- Research design -- design of sample surveys -- measurement and scaling -- data collection -- data preparation -- descriptive statistics -- sampling and statistical inference -- testing of hypothesis -- chi-square test -- analysis of variance -- other nonparametric methods -- linear aggression analysis -- factor analysis -- discriminant analysis -- cluster analysis -- other multivariate techniques -- interpretation and report writing
942 _2lcc
_cBK
999 _c10272
_d17772